[Event "DVM U12w 2024"]
[Site "Bad Homburg GER"]
[Date "2024.12.30"]
[Round "7"]
[White "Dinges, Mara"]
[Black "Henn, Lena"]
[Result "1-0"]
[Termination "normal"]
[Board "7.4"]
[WhiteElo "854"]
[BlackElo "808"]
[WhiteClock "01:23:40"]
[BlackClock "00:57:16"]
[WhiteTeam "SC Weisse Dame"]
[BlackTeam "SF Birkenfeld"]
[PlyCount "47"]
[WhiteFideId "34623183"]
[EventCountry "GER"]
[EventRounds "7"]
[EventType "team-swiss"]
[EventDate "2024.12.26"]

1. d4 {[%clk 01:30:56]} {[%emt 00:00:04]} d6 {[%clk 01:30:55]} {[%emt
00:00:05]} 2. e4 {[%clk 01:31:17]} {[%emt 00:00:08]} Nf6 {[%clk 01:31:20]}
{[%emt 00:00:06]} 3. Nc3 {[%clk 01:31:29]} {[%emt 00:00:18]} g6 {[%clk
01:31:44]} {[%emt 00:00:05]} 4. f4 {[%clk 01:31:38]} {[%emt 00:00:22]} Bg7
{[%clk 01:31:54]} {[%emt 00:00:20]} 5. Nf3 {[%clk 01:31:58]} {[%emt 00:00:09]}
O-O {[%clk 01:31:39]} {[%emt 00:00:46]} 6. Bd3 {[%clk 01:32:19]} {[%emt
00:00:08]} Nfd7 {[%clk 01:29:51]} {[%emt 00:02:19]} 7. Be3 {[%clk 01:32:05]}
{[%emt 00:00:43]} e5 {[%clk 01:29:36]} {[%emt 00:00:45]} 8. dxe5 {[%clk
01:32:22]} {[%emt 00:00:14]} dxe5 {[%clk 01:29:59]} {[%emt 00:00:08]} 9. f5
{[%clk 01:32:35]} {[%emt 00:00:16]} gxf5 {[%clk 01:25:04]} {[%emt 00:05:25]}
10. exf5 {[%clk 01:31:34]} {[%emt 00:01:32]} Re8 {[%clk 01:21:28]} {[%emt
00:04:06]} 11. Be4 {[%clk 01:30:41]} {[%emt 00:01:23]} Nc6 {[%clk 01:19:31]}
{[%emt 00:02:27]} 12. Qe2 {[%clk 01:29:35]} {[%emt 00:01:35]} Nf6 {[%clk
01:19:00]} {[%emt 00:01:01]} 13. Bg5 {[%clk 01:28:07]} {[%emt 00:01:58]} Nd4
{[%clk 01:16:01]} {[%emt 00:03:30]} 14. Nxd4 {[%clk 01:27:30]} {[%emt
00:01:07]} Qxd4 {[%clk 01:15:21]} {[%emt 00:01:10]} 15. Rd1 {[%clk 01:27:07]}
{[%emt 00:00:52]} Qb4 {[%clk 01:13:00]} {[%emt 00:02:45]} 16. O-O {[%clk
01:26:05]} {[%emt 00:01:39]} Qxb2 {[%clk 01:09:23]} {[%emt 00:04:07]} 17. Nd5
{[%clk 01:26:12]} {[%emt 00:00:23]} Nxd5 {[%clk 01:08:01]} {[%emt 00:01:51]}
18. Bxd5 {[%clk 01:26:05]} {[%emt 00:00:36]} Bd7 {[%clk 01:04:07]} {[%emt
00:04:25]} 19. Bxf7+ {[%clk 01:25:45]} {[%emt 00:00:51]} Kxf7 {[%clk 01:02:17]}
{[%emt 00:02:20]} 20. Qh5+ {[%clk 01:25:34]} {[%emt 00:00:40]} Kf8 {[%clk
01:00:55]} {[%emt 00:01:52]} 21. Rxd7 {[%clk 01:25:19]} {[%emt 00:00:47]} Qxa2
{[%clk 00:59:57]} {[%emt 00:01:28]} 22. f6 {[%clk 01:24:57]} {[%emt 00:00:49]}
h6 {[%clk 00:56:58]} {[%emt 00:03:30]} 23. fxg7+ {[%clk 01:24:06]} {[%emt
00:01:22]} Kg8 {[%clk 00:57:16]} {[%emt 00:00:12]} 24. Qxh6 {[%clk 01:23:40]}
{[%emt 00:00:55]} 1-0

[Event "DVM U12w 2024"]
[Site "Bad Homburg GER"]
[Date "2024.12.30"]
[Round "7"]
[White "Klymenko, Mariia"]
[Black "Mrugalski, Marie"]
[Result "1-0"]
[Termination "normal"]
[Board "8.1"]
[WhiteElo "1625"]
[BlackElo "1052"]
[WhiteClock "01:08:38"]
[BlackClock "01:08:22"]
[WhiteTeam "SC Borussia Lichtenberg"]
[BlackTeam "SV Mülheim-Nord 1931"]
[PlyCount "57"]
[WhiteFideId "34620621"]
[BlackFideId "34613536"]
[EventCountry "GER"]
[EventRounds "7"]
[EventType "team-swiss"]
[EventDate "2024.12.26"]

1. e4 {[%clk 01:30:59]} c6 {[%clk 01:30:54]} {[%emt 00:00:07]} 2. d4 {[%clk
01:31:24]} {[%emt 00:00:04]} d5 {[%clk 01:31:14]} {[%emt 00:00:10]} 3. exd5
{[%clk 01:31:47]} {[%emt 00:00:07]} cxd5 {[%clk 01:31:33]} {[%emt 00:00:11]} 4.
Bd3 {[%clk 01:32:13]} {[%emt 00:00:04]} Nc6 {[%clk 01:31:31]} {[%emt 00:00:32]}
5. c3 {[%clk 01:32:35]} {[%emt 00:00:07]} Nf6 {[%clk 01:31:28]} {[%emt
00:00:33]} 6. Nf3 {[%clk 01:32:52]} {[%emt 00:00:14]} Bg4 {[%clk 01:31:26]}
{[%emt 00:00:31]} 7. Bf4 {[%clk 01:33:06]} {[%emt 00:00:16]} e6 {[%clk
01:31:12]} {[%emt 00:00:45]} 8. Nbd2 {[%clk 01:33:03]} {[%emt 00:00:33]} Bd6
{[%clk 01:28:45]} {[%emt 00:02:56]} 9. Bg3 {[%clk 01:31:35]} {[%emt 00:01:55]}
Qe7 {[%clk 01:24:19]} {[%emt 00:04:59]} 10. Qc2 {[%clk 01:29:18]} {[%emt
00:02:47]} e5 {[%clk 01:19:19]} {[%emt 00:05:31]} 11. dxe5 {[%clk 01:25:32]}
{[%emt 00:04:15]} Bxe5 {[%clk 01:18:59]} {[%emt 00:00:50]} 12. O-O {[%clk
01:24:09]} {[%emt 00:01:53]} O-O {[%clk 01:15:36]} {[%emt 00:03:52]} 13. Rfe1
{[%clk 01:22:17]} {[%emt 00:02:23]} Nd7 {[%clk 01:12:44]} {[%emt 00:03:22]} 14.
Nxe5 {[%clk 01:15:19]} {[%emt 00:07:28]} Ndxe5 {[%clk 01:12:05]} {[%emt
00:01:09]} 15. Bxe5 {[%clk 01:13:47]} {[%emt 00:02:02]} Nxe5 {[%clk 01:12:20]}
{[%emt 00:00:15]} 16. Bxh7+ {[%clk 01:10:47]} {[%emt 00:03:31]} Kh8 {[%clk
01:12:36]} {[%emt 00:00:13]} 17. Bf5 {[%clk 01:09:38]} {[%emt 00:01:29]} Bxf5
{[%clk 01:10:17]} {[%emt 00:02:59]} 18. Qxf5 {[%clk 01:09:52]} {[%emt
00:00:16]} f6 {[%clk 01:10:08]} {[%emt 00:00:39]} 19. Nf3 {[%clk 01:07:08]}
{[%emt 00:03:12]} Nxf3+ {[%clk 01:08:46]} {[%emt 00:01:54]} 20. Qxf3 {[%clk
01:07:25]} {[%emt 00:00:13]} Qd6 {[%clk 01:08:42]} {[%emt 00:00:33]} 21. Rad1
{[%clk 01:06:20]} {[%emt 00:01:36]} Rfe8 {[%clk 01:07:19]} {[%emt 00:01:52]}
22. Qh5+ {[%clk 01:06:11]} {[%emt 00:00:37]} Kg8 {[%clk 01:06:56]} {[%emt
00:00:57]} 23. Rxe8+ {[%clk 01:06:34]} {[%emt 00:00:07]} Rxe8 {[%clk 01:07:09]}
{[%emt 00:00:16]} 24. Qxe8+ {[%clk 01:06:58]} {[%emt 00:00:05]} Kh7 {[%clk
01:07:29]} {[%emt 00:00:11]} 25. Qh5+ {[%clk 01:07:18]} {[%emt 00:00:08]} Kg8
{[%clk 01:07:45]} {[%emt 00:00:17]} 26. Qxd5+ {[%emt 00:00:02]} Qxd5 27. Rxd5
{[%clk 01:07:45]} Kf7 {[%clk 01:08:05]} {[%emt 00:00:53]} 28. Rd7+ {[%clk
01:08:16]} {[%emt 00:00:16]} Ke6 {[%clk 01:08:22]} {[%emt 00:00:12]} 29. Rxb7
{[%clk 01:08:38]} {[%emt 00:00:09]} 1-0

[Event "DVM U12w 2024"]
[Site "Bad Homburg GER"]
[Date "2024.12.30"]
[Round "7"]
[White "Nuzhnaia, Daria"]
[Black "Schindler, Mailin"]
[Result "1-0"]
[Termination "normal"]
[Board "8.3"]
[WhiteElo "831"]
[BlackElo "884"]
[WhiteClock "01:31:11"]
[BlackClock "01:30:48"]
[WhiteTeam "SC Borussia Lichtenberg"]
[BlackTeam "SV Mülheim-Nord 1931"]
[PlyCount "57"]
[WhiteFideId "533025940"]
[EventCountry "GER"]
[EventRounds "7"]
[EventType "team-swiss"]
[EventDate "2024.12.26"]

1. d4 {[%clk 01:30:58]} {[%emt 00:00:02]} d5 {[%clk 01:30:53]} {[%emt
00:00:07]} 2. Nf3 {[%clk 01:31:20]} {[%emt 00:00:08]} Nc6 {[%clk 01:31:15]}
{[%emt 00:00:09]} 3. e3 {[%clk 01:31:42]} {[%emt 00:00:08]} Nf6 {[%clk
01:31:34]} {[%emt 00:00:10]} 4. Bd3 {[%clk 01:32:04]} {[%emt 00:00:08]} Bg4
{[%clk 01:31:53]} {[%emt 00:00:11]} 5. O-O {[%clk 01:32:10]} {[%emt 00:00:25]}
e6 {[%clk 01:32:06]} {[%emt 00:00:16]} 6. c3 {[%clk 01:32:33]} {[%emt
00:00:06]} Bd6 {[%clk 01:32:17]} {[%emt 00:00:20]} 7. Nbd2 {[%clk 01:32:50]}
{[%emt 00:00:13]} O-O {[%clk 01:32:34]} {[%emt 00:00:13]} 8. h3 {[%clk
01:33:13]} {[%emt 00:00:07]} Bh5 {[%clk 01:32:57]} {[%emt 00:00:07]} 9. e4
{[%clk 01:32:41]} {[%emt 00:01:01]} dxe4 {[%clk 01:33:12]} {[%emt 00:00:16]}
10. Nxe4 {[%clk 01:33:03]} {[%emt 00:00:08]} Nxe4 {[%clk 01:33:19]} {[%emt
00:00:23]} 11. Bxe4 {[%clk 01:33:02]} {[%emt 00:00:31]} Bh2+ {[%clk 01:33:07]}
{[%emt 00:00:43]} 12. Kxh2 {[%clk 01:33:01]} {[%emt 00:00:31]} Qd6+ {[%clk
01:33:25]} {[%emt 00:00:12]} 13. Kg1 {[%clk 01:33:19]} {[%emt 00:00:11]} Rae8
{[%clk 01:32:59]} {[%emt 00:00:57]} 14. Qd3 {[%clk 01:32:16]} {[%emt 00:01:32]}
Bg6 {[%clk 01:33:05]} {[%emt 00:00:25]} 15. Be3 {[%clk 01:31:45]} {[%emt
00:01:00]} Bxe4 {[%clk 01:32:41]} {[%emt 00:00:55]} 16. Qxe4 {[%clk 01:31:52]}
{[%emt 00:00:21]} e5 {[%clk 01:32:44]} {[%emt 00:00:28]} 17. Ng5 {[%clk
01:31:22]} {[%emt 00:01:00]} g6 {[%clk 01:32:54]} {[%emt 00:00:21]} 18. Rad1
{[%clk 01:30:15]} {[%emt 00:01:37]} exd4 {[%clk 01:33:05]} {[%emt 00:00:19]}
19. Qh4 {[%clk 01:30:09]} {[%emt 00:00:36]} h5 {[%clk 01:33:23]} {[%emt
00:00:12]} 20. Bxd4 {[%clk 01:30:18]} {[%emt 00:00:20]} Ne7 {[%clk 01:33:08]}
{[%emt 00:00:46]} 21. Bg7 {[%clk 01:30:09]} {[%emt 00:00:38]} Nd5 {[%clk
01:32:57]} {[%emt 00:00:42]} 22. Bxf8 {[%clk 01:30:25]} {[%emt 00:00:13]} Rxf8
{[%clk 01:33:14]} {[%emt 00:00:13]} 23. c4 {[%clk 01:30:22]} {[%emt 00:00:33]}
Qc5 {[%clk 01:33:17]} {[%emt 00:00:27]} 24. Rxd5 {[%clk 01:30:27]} {[%emt
00:00:24]} f5 {[%clk 01:33:09]} {[%emt 00:00:39]} 25. Rxc5 {[%clk 01:30:24]}
{[%emt 00:00:33]} f4 {[%clk 01:33:13]} {[%emt 00:00:27]} 26. Rxc7 {[%clk
01:30:29]} {[%emt 00:00:23]} b6 {[%clk 01:33:03]} {[%emt 00:00:40]} 27. Nh7
{[%clk 01:30:42]} {[%emt 00:00:18]} Rf5 {[%clk 01:30:30]} {[%emt 00:03:03]} 28.
Qd8+ {[%clk 01:30:53]} {[%emt 00:00:17]} Rf8 {[%clk 01:30:48]} {[%emt
00:00:13]} 29. Qxf8# {[%clk 01:31:11]} {[%emt 00:00:11]} 1-0

[Event "DVM U12w 2024"]
[Site "Bad Homburg GER"]
[Date "2024.12.30"]
[Round "7"]
[White "Winkler, Helena"]
[Black "Klymenko, Stefaniia"]
[Result "0-1"]
[Termination "normal"]
[Board "8.4"]
[WhiteElo "778"]
[BlackElo "785"]
[WhiteClock "01:39:56"]
[BlackClock "01:14:22"]
[WhiteTeam "SV Mülheim-Nord 1931"]
[BlackTeam "SC Borussia Lichtenberg"]
[PlyCount "80"]
[WhiteFideId "533018847"]
[BlackFideId "533025959"]
[EventCountry "GER"]
[EventRounds "7"]
[EventType "team-swiss"]
[EventDate "2024.12.26"]

1. e4 {[%clk 01:30:57]} {[%emt 00:00:03]} e5 {[%clk 01:30:55]} {[%emt
00:00:06]} 2. Nf3 {[%clk 01:31:20]} {[%emt 00:00:06]} Nc6 {[%clk 01:31:12]}
{[%emt 00:00:12]} 3. d3 {[%emt 00:00:22]} Nf6 {[%clk 01:31:29]} 4. Nc3 {[%clk
01:32:03]} {[%emt 00:00:08]} Bc5 {[%clk 01:31:45]} {[%emt 00:00:15]} 5. Be2
{[%clk 01:32:23]} {[%emt 00:00:09]} d6 {[%emt 00:00:15]} 6. O-O O-O {[%clk
01:32:00]} 7. Bg5 {[%clk 01:32:44]} h6 {[%clk 01:32:08]} {[%emt 00:01:06]} 8.
Be3 {[%clk 01:33:33]} Bb6 {[%clk 01:32:13]} {[%emt 00:00:32]} 9. Nd5 {[%clk
01:33:44]} Be6 {[%clk 01:30:05]} {[%emt 00:02:57]} 10. Nxb6 {[%clk 01:33:46]}
{[%emt 00:00:28]} axb6 {[%clk 01:30:25]} {[%emt 00:00:11]} 11. d4 {[%clk
01:33:54]} {[%emt 00:00:21]} exd4 {[%clk 01:28:56]} {[%emt 00:01:58]} 12. Nxd4
{[%clk 01:34:16]} {[%emt 00:00:08]} Nxd4 {[%clk 01:21:24]} {[%emt 00:08:02]}
13. Bxd4 {[%clk 01:34:36]} {[%emt 00:00:10]} Nxe4 {[%clk 01:20:33]} {[%emt
00:01:21]} 14. Bd3 {[%clk 01:34:32]} {[%emt 00:00:34]} Nc5 {[%clk 01:18:54]}
{[%emt 00:02:10]} 15. b4 {[%clk 01:34:32]} {[%emt 00:00:30]} Nxd3 {[%clk
01:18:45]} {[%emt 00:00:38]} 16. Qxd3 {[%clk 01:34:46]} {[%emt 00:00:13]} Qg5
{[%clk 01:16:21]} {[%emt 00:02:57]} 17. g3 {[%emt 00:01:09]} Bh3 {[%clk
01:11:01]} {[%emt 00:05:01]} 18. Be3 {[%clk 01:34:22]} {[%emt 00:01:04]} Bxf1
{[%clk 01:10:34]} {[%emt 00:00:57]} 19. Bxg5 {[%clk 01:34:44]} {[%emt
00:00:08]} Bxd3 {[%emt 00:00:30]} 20. cxd3 {[%clk 01:34:38]} {[%emt 00:00:15]}
hxg5 {[%clk 01:10:23]} {[%emt 00:01:02]} 21. h4 {[%clk 01:34:52]} {[%emt
00:00:16]} gxh4 {[%clk 01:10:43]} {[%emt 00:00:09]} 22. gxh4 {[%clk 01:35:18]}
{[%emt 00:00:05]} c5 {[%clk 01:10:58]} {[%emt 00:00:16]} 23. bxc5 {[%clk
01:35:41]} {[%emt 00:00:07]} bxc5 {[%clk 01:11:22]} {[%emt 00:00:05]} 24. Kg2
{[%clk 01:36:00]} {[%emt 00:00:12]} d5 {[%clk 01:11:00]} {[%emt 00:00:51]} 25.
Kf3 {[%clk 01:36:16]} {[%emt 00:00:14]} c4 {[%clk 01:11:12]} {[%emt 00:00:19]}
26. dxc4 {[%clk 01:36:41]} {[%emt 00:00:05]} dxc4 {[%clk 01:11:39]} {[%emt
00:00:04]} 27. Ke3 {[%clk 01:37:03]} {[%emt 00:00:07]} Rfd8 {[%clk 01:11:41]}
{[%emt 00:00:28]} 28. Rc1 {[%clk 01:37:22]} {[%emt 00:00:11]} Rac8 {[%clk
01:11:25]} {[%emt 00:00:46]} 29. f4 {[%clk 01:37:41]} {[%emt 00:00:11]} c3
{[%clk 01:11:35]} {[%emt 00:00:19]} 30. Ke4 {[%clk 01:38:03]} {[%emt 00:00:08]}
c2 {[%clk 01:11:58]} {[%emt 00:00:07]} 31. Ke3 {[%clk 01:38:24]} {[%emt
00:00:09]} Rd1 {[%emt 00:01:15]} 32. Rxc2 {[%clk 01:37:14]} {[%emt 00:00:34]}
Rxc2 {[%clk 01:12:44]} {[%emt 00:00:06]} 33. Ke4 {[%clk 01:37:23]} {[%emt
00:00:20]} Rxa2 {[%clk 01:12:56]} {[%emt 00:00:18]} 34. f5 {[%emt 00:00:15]}
Ra4+ {[%clk 01:12:56]} {[%emt 00:00:24]} 35. Ke5 {[%clk 01:38:03]} {[%emt
00:00:12]} Rxh4 {[%clk 01:13:17]} {[%emt 00:00:09]} 36. f6 {[%clk 01:38:24]}
{[%emt 00:00:09]} gxf6+ {[%clk 01:13:40]} {[%emt 00:00:06]} 37. Kxf6 {[%clk
01:38:51]} {[%emt 00:00:04]} Kh8 {[%clk 01:13:53]} {[%emt 00:00:17]} 38. Kxf7
{[%clk 01:39:12]} {[%emt 00:00:08]} Rh7+ {[%clk 01:14:05]} {[%emt 00:00:18]}
39. Ke6 {[%clk 01:39:33]} {[%emt 00:00:09]} Ra1 {[%clk 01:14:22]} {[%emt
00:00:13]} 40. Kd6 {[%clk 01:39:56]} {[%emt 00:00:08]} Ra6+ {[%emt 00:00:24]}
0-1

[Event "DVM U12w 2024"]
[Site "Bad Homburg GER"]
[Date "2024.12.30"]
[Round "7"]
[White "Feldhaus, Lena"]
[Black "Hendler, Felicitas"]
[Result "1/2-1/2"]
[Termination "normal"]
[Board "9.1"]
[WhiteElo "1539"]
[BlackElo "1610"]
[WhiteClock "00:08:14"]
[BlackClock "01:16:52"]
[WhiteTeam "SG Porz 2"]
[BlackTeam "SF Brackel 1930"]
[PlyCount "44"]
[WhiteFideId "34642684"]
[BlackFideId "34616519"]
[EventCountry "GER"]
[EventRounds "7"]
[EventType "team-swiss"]
[EventDate "2024.12.26"]

1. d4 {[%clk 01:30:56]} {[%emt 00:00:03]} d5 {[%clk 01:30:54]} {[%emt
00:00:07]} 2. Nc3 {[%clk 01:31:16]} {[%emt 00:00:10]} Nf6 {[%clk 01:31:17]}
{[%emt 00:00:08]} 3. Bf4 {[%clk 01:31:34]} {[%emt 00:00:12]} c5 {[%clk
01:30:59]} {[%emt 00:00:47]} 4. e3 {[%clk 01:31:47]} {[%emt 00:00:18]} cxd4
{[%clk 01:30:39]} {[%emt 00:00:51]} 5. exd4 {[%clk 01:31:48]} {[%emt 00:00:29]}
Bg4 {[%clk 01:30:50]} {[%emt 00:00:20]} 6. f3 {[%clk 01:19:10]} {[%emt
00:13:08]} Bd7 {[%clk 01:31:03]} {[%emt 00:00:17]} 7. Nb5 {[%clk 01:01:56]}
{[%emt 00:17:44]} Bxb5 {[%clk 01:31:14]} {[%emt 00:00:18]} 8. Bxb5+ {[%clk
01:02:14]} {[%emt 00:00:13]} Nc6 {[%clk 01:31:19]} {[%emt 00:00:24]} 9. Bxc6+
{[%clk 00:59:27]} {[%emt 00:03:16]} bxc6 {[%clk 01:31:37]} {[%emt 00:00:12]}
10. Ne2 {[%clk 00:56:36]} {[%emt 00:03:21]} g6 {[%clk 01:29:40]} {[%emt
00:02:28]} 11. Qd2 {[%emt 00:16:35]} Qb6 {[%emt 00:10:29]} 12. Qc3 {[%clk
00:32:44]} {[%emt 00:00:08]} e5 {[%clk 01:21:24]} {[%emt 00:06:56]} 13. Bd2
{[%clk 00:31:32]} {[%emt 00:01:43]} e4 {[%clk 01:21:11]} {[%emt 00:00:43]} 14.
fxe4 {[%clk 00:29:47]} {[%emt 00:02:15]} Nxe4 {[%clk 01:21:16]} {[%emt
00:00:25]} 15. Qb3 {[%clk 00:23:39]} {[%emt 00:06:38]} Bg7 {[%clk 01:18:30]}
{[%emt 00:03:16]} 16. Qxb6 {[%clk 00:23:33]} {[%emt 00:00:35]} axb6 {[%clk
01:18:51]} {[%emt 00:00:09]} 17. a3 {[%clk 00:17:41]} {[%emt 00:06:23]} O-O
{[%clk 01:19:03]} {[%emt 00:00:18]} 18. c3 {[%clk 00:14:15]} {[%emt 00:03:56]}
Rfe8 {[%clk 01:18:31]} {[%emt 00:01:02]} 19. Rf1 {[%clk 00:12:06]} {[%emt
00:02:39]} Re7 {[%clk 01:17:40]} {[%emt 00:01:21]} 20. O-O-O {[%clk 00:10:11]}
{[%emt 00:02:25]} Nxd2 {[%clk 01:17:21]} {[%emt 00:00:49]} 21. Kxd2 {[%clk
00:10:24]} {[%emt 00:00:17]} Bh6+ {[%clk 01:17:13]} {[%emt 00:00:38]} 22. Kd3
{[%clk 00:08:14]} {[%emt 00:02:41]} Re3+ {[%clk 01:16:52]} {[%emt 00:00:50]}
1/2-1/2

[Event "DVM U12w 2024"]
[Site "Bad Homburg GER"]
[Date "2024.12.30"]
[Round "7"]
[White "Ising, Svea"]
[Black "Gelbach, Julietta"]
[Result "1-0"]
[Termination "normal"]
[Board "9.2"]
[WhiteElo "1221"]
[BlackElo "855"]
[WhiteClock "00:47:34"]
[BlackClock "01:10:08"]
[WhiteTeam "SF Brackel 1930"]
[BlackTeam "SG Porz 2"]
[PlyCount "37"]
[WhiteFideId "34634070"]
[BlackFideId "34682740"]
[EventCountry "GER"]
[EventRounds "7"]
[EventType "team-swiss"]
[EventDate "2024.12.26"]

1. e4 {[%clk 01:30:57]} {[%emt 00:00:01]} c5 {[%clk 01:30:53]} {[%emt
00:00:08]} 2. d4 {[%clk 01:31:21]} {[%emt 00:00:06]} cxd4 {[%clk 01:31:01]}
{[%emt 00:00:22]} 3. c3 {[%clk 01:31:33]} {[%emt 00:00:17]} dxc3 {[%clk
01:31:22]} {[%emt 00:00:09]} 4. Nxc3 {[%clk 01:31:47]} {[%emt 00:00:16]} Nc6
{[%clk 01:31:20]} {[%emt 00:00:32]} 5. Nf3 {[%clk 01:31:56]} {[%emt 00:00:21]}
e6 {[%clk 01:31:36]} {[%emt 00:00:14]} 6. Bc4 {[%clk 01:30:57]} {[%emt
00:01:28]} Qc7 {[%clk 01:31:22]} {[%emt 00:00:44]} 7. O-O {[%clk 01:30:22]}
{[%emt 00:01:04]} Nf6 {[%clk 01:31:14]} {[%emt 00:00:40]} 8. Qe2 {[%clk
01:29:24]} {[%emt 00:01:28]} Ng4 {[%clk 01:31:18]} {[%emt 00:00:25]} 9. Rd1
{[%clk 01:22:49]} {[%emt 00:07:03]} Nce5 {[%clk 01:30:17]} {[%emt 00:01:33]}
10. Nxe5 {[%clk 01:21:24]} {[%emt 00:01:55]} Nxe5 {[%clk 01:29:22]} {[%emt
00:01:26]} 11. Bb3 {[%clk 01:16:54]} {[%emt 00:05:00]} Bb4 {[%clk 01:21:53]}
{[%emt 00:08:00]} 12. Nb5 {[%clk 01:12:24]} {[%emt 00:05:00]} Qb8 {[%clk
01:19:59]} {[%emt 00:02:24]} 13. Qc2 {[%clk 00:58:26]} {[%emt 00:14:28]} Ba5
{[%clk 01:16:12]} {[%emt 00:04:17]} 14. Nd6+ {[%clk 00:53:52]} {[%emt
00:05:04]} Kf8 {[%clk 01:13:30]} {[%emt 00:03:11]} 15. Qc5 {[%clk 00:48:57]}
{[%emt 00:05:26]} Nc6 {[%clk 01:11:49]} {[%emt 00:02:11]} 16. Nc4+ {[%clk
00:48:49]} {[%emt 00:00:38]} Kg8 {[%clk 01:11:41]} {[%emt 00:00:37]} 17. Nxa5
{[%clk 00:48:39]} {[%emt 00:00:41]} b6 {[%clk 01:10:47]} {[%emt 00:01:25]} 18.
Nxc6 {[%clk 00:47:40]} {[%emt 00:01:28]} dxc6 {[%clk 01:10:08]} {[%emt
00:01:09]} 19. Rd8# {[%clk 00:47:34]} {[%emt 00:00:29]} 1-0

[Event "DVM U12w 2024"]
[Site "Bad Homburg GER"]
[Date "2024.12.30"]
[Round "7"]
[White "Gelbach, Amelia"]
[Black "Kuznetsova, Sofia"]
[Result "0-1"]
[Termination "normal"]
[Board "9.3"]
[WhiteElo "809"]
[BlackElo "926"]
[WhiteClock "01:22:31"]
[BlackClock "01:23:44"]
[WhiteTeam "SG Porz 2"]
[BlackTeam "SF Brackel 1930"]
[PlyCount "42"]
[WhiteFideId "34682732"]
[BlackFideId "34693653"]
[EventCountry "GER"]
[EventRounds "7"]
[EventType "team-swiss"]
[EventDate "2024.12.26"]

1. d4 {[%clk 01:30:57]} {[%emt 00:00:02]} d5 {[%clk 01:30:56]} {[%emt
00:00:04]} 2. Nc3 {[%clk 01:31:12]} {[%emt 00:00:15]} Nc6 {[%clk 01:31:13]}
{[%emt 00:00:14]} 3. Nb5 {[%clk 01:31:09]} {[%emt 00:00:33]} a6 {[%clk
01:31:18]} {[%emt 00:00:25]} 4. Nc3 {[%clk 01:30:24]} {[%emt 00:01:15]} e5
{[%clk 01:31:18]} {[%emt 00:00:30]} 5. dxe5 {[%clk 01:29:57]} {[%emt 00:00:57]}
Nxe5 {[%clk 01:31:44]} {[%emt 00:00:05]} 6. Bf4 {[%clk 01:30:05]} {[%emt
00:00:22]} Nc4 {[%clk 01:30:48]} {[%emt 00:01:26]} 7. Nxd5 {[%clk 01:29:51]}
{[%emt 00:00:43]} Bd6 {[%clk 01:30:32]} {[%emt 00:00:46]} 8. Qd4 {[%clk
01:28:49]} {[%emt 00:01:31]} Nb6 {[%clk 01:27:41]} {[%emt 00:03:21]} 9. Bxd6
{[%clk 01:28:07]} {[%emt 00:01:11]} Qxd6 {[%clk 01:27:43]} {[%emt 00:00:28]}
10. Qxg7 {[%clk 01:26:16]} {[%emt 00:02:22]} Nxd5 {[%clk 01:21:52]} {[%emt
00:06:20]} 11. Qxh8 {[%clk 01:26:19]} {[%emt 00:00:27]} Qg6 {[%clk 01:21:57]}
{[%emt 00:00:26]} 12. Qe5+ {[%clk 01:25:38]} {[%emt 00:01:10]} Nge7 {[%clk
01:22:06]} {[%emt 00:00:21]} 13. O-O-O {[%clk 01:25:22]} {[%emt 00:00:45]} Nb4
{[%clk 01:22:22]} {[%emt 00:00:15]} 14. Qc3 {[%clk 01:24:04]} {[%emt 00:01:48]}
Nxa2+ {[%clk 01:22:35]} {[%emt 00:00:17]} 15. Kb1 {[%clk 01:23:47]} {[%emt
00:00:47]} Nxc3+ {[%clk 01:22:58]} {[%emt 00:00:08]} 16. bxc3 {[%clk 01:24:02]}
{[%emt 00:00:15]} Bf5 {[%clk 01:23:11]} {[%emt 00:00:17]} 17. e4 {[%clk
01:22:30]} {[%emt 00:02:02]} Bxe4 {[%clk 01:22:51]} {[%emt 00:00:49]} 18. Bd3
{[%clk 01:22:51]} {[%emt 00:00:08]} Bxd3 {[%clk 01:23:02]} {[%emt 00:00:20]}
19. Rxd3 {[%clk 01:23:06]} {[%emt 00:00:15]} Qxg2 {[%clk 01:23:18]} {[%emt
00:00:14]} 20. Ne2 {[%clk 01:22:10]} {[%emt 00:01:26]} Qxh1+ {[%clk 01:23:39]}
{[%emt 00:00:10]} 21. Nc1 {[%clk 01:22:31]} {[%emt 00:00:09]} Rd8 {[%clk
01:23:44]} {[%emt 00:00:24]} 0-1